| 000 | 00466nam a2200109Ia 4500 | ||
|---|---|---|---|
| 008 | 220216s9999 xx 000 0 und d | ||
| 100 | _aThomas Vinoth | ||
| 245 | 4 | _aThe dynamic system that exists in the sieve tubes of TPD affected trees of Hevea brasiliensis | |
| 260 | _bIRC 2012. International Rubber Conference, 28-31 October 2012, Kovalam, India, Rubber Research Institute of India, Kottayam and IRRDB, Malaysia: Abstracts. pp.65. | ||
| 650 | _aTPD | ||
| 942 | _cJS | ||
| 999 |
_c70586 _d70586 |
||